Normal view
MARC view
- STEPHEN PEAKE AND JOE SMITH
Entry Personal Name
001 - CONTROL NUMBER
- control field: 90674
003 - CONTROL NUMBER IDENTIFIER
- control field: NUST
005 - DATE AND TIME OF LATEST TRANSACTION
- control field: 20220318161159.0
008 - FIXED-LENGTH DATA ELEMENTS
- fixed length control field: 220318|| aca||aabn | a|a d
040 ## - CATALOGING SOURCE
- Original cataloging agency: NUST
- Transcribing agency: NUST
100 ## - HEADING--PERSONAL NAME
- Personal name: STEPHEN PEAKE AND JOE SMITH
670 ## - SOURCE DATA FOUND
- Source citation: Work cat.: (NUST): STEPHEN PEAKE AND JOE SMITH, Climate change , 2009
